A quel club appartient ce maillot N°5 - Statistiques

Statistiques générales
  • Ce quiz a été pris 455 fois
  • Le résultat moyen est 5 sur 10
Statistiques - réponses
Par images Réponse % Correct
AC Milan
99%
Manchester City
99%
Atletico Madrid
82%
Real Madrid
71%
Bayern Munich
50%
Celtic FC
39%
FC Barcelone
29%
Roma
26%
FC Santos
22%
AC Ajaccio
6%
Aucun quiz correspondant
Distribution des résultats
% des personnes avec chaque résultat
Percentile par nombre de réponses
Votre historique - résultats
Vous n’avez pas pris ce quiz